[Event "CZE-chT1W 2324"]
[Site "Czech Republic"]
[Date "2024.03.24"]
[Round "10.5"]
[White "Balacek, Tadeas"]
[Black "Smid, Miroslav"]
[Result "1-0"]
[WhiteElo "2347"]
[BlackElo "2213"]
[PlyCount "71"]
[EventDate "2023.10.29"]
[EventType "team-tourn"]
[EventRounds "11"]
[EventCountry "CZE"]
[SourceTitle "EXT 2025"]
[Source "ChessBase"]
[SourceDate "2024.10.14"]
[SourceVersion "1"]
[SourceVersionDate "2024.10.14"]
[SourceQuality "1"]
[WhiteTeam "Lysa nad Labem II"]
[BlackTeam "Praha Bohemians"]
[WhiteTeamCountry "CZE"]
[BlackTeamCountry "CZE"]

1. d4 Nf6 2. Nf3 e6 3. c4 c5 4. d5 exd5 5. cxd5 d6 6. Nc3 g6 7. Nd2 Bg7 8. e4 0-0 9. Be2 b6 10. 0-0 Ba6 11. a4 Re8 12. Bb5 Bxb5 13. axb5 a5 14. Qc2 Nbd7 15. h3 Nh5 16. Nc4 Ne5 17. Nxe5 Bxe5 18. Ne2 Qh4 19. Ra4 Qe7 20. g4 Nf6 21. Bg5 Rac8 22. Rc4 Qd7 23. f4 Nxg4 24. hxg4 Qxg4+ 25. Kf2 Bg7 26. Rg1 Qd7 27. f5 Qxb5 28. f6 Bf8 29. Ng3 Qd7 30. Kf3 b5 31. Rc3 b4 32. Rc4 a4 33. Rh1 Qd8 34. Rxh7 Kxh7 35. Qh2+ Kg8 36. Rc1 1-0

[Event "CZE-chT1W 2324"]
[Site "Czech Republic"]
[Date "2024.02.18"]
[Round "8.3"]
[White "Balacek, Tadeas"]
[Black "Hinks Edwards, Thomas RJ"]
[Result "1/2-1/2"]
[WhiteElo "2347"]
[BlackElo "2328"]
[PlyCount "73"]
[EventDate "2023.10.29"]
[EventType "team-tourn"]
[EventRounds "11"]
[EventCountry "CZE"]
[SourceTitle "EXT 2025"]
[Source "ChessBase"]
[SourceDate "2024.10.14"]
[SourceVersion "1"]
[SourceVersionDate "2024.10.14"]
[SourceQuality "1"]
[WhiteTeam "Lysa nad Labem II"]
[BlackTeam "Litomerice Slavoj"]
[WhiteTeamCountry "CZE"]
[BlackTeamCountry "CZE"]

1. d4 Nf6 2. c4 e6 3. Nc3 Bb4 4. e3 b6 5. Bd2 Bb7 6. Nf3 0-0 7. Bd3 d5 8. cxd5 exd5 9. 0-0 Nbd7 10. Rc1 a6 11. Ne5 Bd6 12. f4 Ne4 13. Nxe4 dxe4 14. Bc4 b5 15. Bb3 Nf6 16. Qc2 Rc8 17. Nc6 Qd7 18. h3 Qf5 19. Be1 h5 20. Qe2 Rce8 21. a3 Bc8 22. Bh4 Be6 23. Bxf6 Bxb3 24. Na5 Bd5 25. Be5 g6 26. b4 f6 27. Bxd6 cxd6 28. Rc3 Rc8 29. Rfc1 Rxc3 30. Rxc3 Rc8 31. Qc2 Rxc3 32. Qxc3 Qd7 33. Nb3 Qc6 34. Qxc6 Bxc6 35. g4 hxg4 36. hxg4 Kf7 37. Kf2 1/2-1/2

[Event "CZE-chT1W 2324"]
[Site "Czech Republic"]
[Date "2024.01.07"]
[Round "5.5"]
[White "Rous, Daniel"]
[Black "Balacek, Tadeas"]
[Result "0-1"]
[WhiteElo "2243"]
[BlackElo "2347"]
[PlyCount "80"]
[EventDate "2023.10.29"]
[EventType "team-tourn"]
[EventRounds "11"]
[EventCountry "CZE"]
[SourceTitle "EXT 2025"]
[Source "ChessBase"]
[SourceDate "2024.10.14"]
[SourceVersion "1"]
[SourceVersionDate "2024.10.14"]
[SourceQuality "1"]
[WhiteTeam "Praha DP EA Hotels"]
[BlackTeam "Lysa nad Labem II"]
[WhiteTeamCountry "CZE"]
[BlackTeamCountry "CZE"]

1. d4 Nf6 2. Nf3 e6 3. c4 Bb4+ 4. Nbd2 b6 5. a3 Bxd2+ 6. Bxd2 Bb7 7. e3 0-0 8. Qc2 d6 9. Bd3 Nbd7 10. Bc3 Qe7 11. 0-0 c5 12. Ng5 h6 13. Ne4 cxd4 14. Bxd4 Rac8 15. Nxf6+ Nxf6 16. Qa4 e5 17. Bc3 Nd7 18. Bf5 Nc5 19. Qd1 Rc7 20. Qg4 Na4 21. Rac1 Ba6 22. Bd3 Rfc8 23. Qe4 g6 24. Bb4 Nxb2 25. Bb1 Bxc4 26. Rfe1 a5 27. Bc3 Na4 28. Ba1 b5 29. f4 Nc5 30. Qf3 Nb3 31. Bb2 Nxc1 32. Rxc1 Rc5 33. Rd1 Bb3 34. Rf1 b4 35. axb4 axb4 36. fxe5 dxe5 37. Qe4 Bc2 38. Bxc2 Rxc2 39. Bxe5 R2c5 40. Qg4 Qxe5 0-1

[Event "CZE-chT 2122"]
[Site "Czech Republic"]
[Date "2022.04.08"]
[Round "13.5"]
[White "Vlasak, Lukas"]
[Black "Balacek, Tadeas"]
[Result "1/2-1/2"]
[WhiteElo "2438"]
[BlackElo "2355"]
[PlyCount "70"]
[EventDate "2021.10.15"]
[EventType "team-tourn"]
[EventRounds "15"]
[EventCountry "CZE"]
[SourceTitle "EXT 2023"]
[Source "ChessBase"]
[SourceDate "2022.10.05"]
[SourceVersion "1"]
[SourceVersionDate "2022.10.05"]
[SourceQuality "1"]
[WhiteTeam "Turnov Zikuda"]
[BlackTeam "Lysa nad Labem"]
[WhiteTeamCountry "CZE"]
[BlackTeamCountry "CSR"]

1. d4 Nf6 2. Nf3 d5 3. Bf4 c5 4. e3 Nc6 5. Nbd2 Nh5 6. dxc5 Nxf4 7. exf4 Qa5 8. c4 d4 9. a3 Qxc5 10. Bd3 Qd6 11. g3 g6 12. 0-0 Bg7 13. b4 0-0 14. Rc1 Bg4 15. c5 Qd8 16. b5 Na5 17. Re1 Rc8 18. Qa4 b6 19. c6 Qd6 20. Ne5 Be6 21. Nec4 Nxc4 22. Bxc4 Bxc4 23. Nxc4 Qc7 24. Qb4 e6 25. Ne5 Rfd8 26. Rcd1 Bf8 27. Qb3 Rd5 28. Rd3 Be7 29. h4 Rcd8 30. a4 Kg7 31. Qb2 h6 32. Red1 Bc5 33. Nf3 Qd6 34. Nd2 Qe7 35. Rc1 g5 1/2-1/2

[Event "EU-ch Blitz"]
[Site "Katowice"]
[Date "2021.12.17"]
[Round "11"]
[White "Balacek, Tadeas"]
[Black "Sanz Wawer, Daniel"]
[Result "1-0"]
[WhiteElo "2367"]
[BlackElo "2371"]
[PlyCount "137"]
[EventDate "2021.12.17"]
[EventType "swiss (blitz)"]
[EventRounds "22"]
[EventCountry "POL"]
[SourceTitle "CBM 205 Extra"]
[Source "ChessBase"]
[SourceDate "2022.01.31"]
[SourceVersion "1"]
[SourceVersionDate "2022.01.31"]
[SourceQuality "1"]

1. d4 Nf6 2. c4 e6 3. Nc3 Bb4 4. e3 0-0 5. Bd2 d5 6. Nf3 b6 7. cxd5 exd5 8. Bd3 Re8 9. 0-0 Bb7 10. Rc1 Nbd7 11. Nb5 Bd6 12. Nxd6 cxd6 13. Qa4 Ne4 14. Bb4 Nf8 15. Ba6 Bxa6 16. Qxa6 Qd7 17. Rc2 Rac8 18. Rfc1 Rxc2 19. Rxc2 h6 20. a4 Ne6 21. b3 N6g5 22. Nxg5 Nxg5 23. Qb5 Qe6 24. Rc7 Rc8 25. Qc6 Rxc7 26. Qxc7 Qg4 27. Qc2 Nf3+ 28. Kh1 Nh4 29. f3 Qg5 30. Qe2 Nf5 31. Bd2 Qe7 32. Qd3 g6 33. Kg1 Qc7 34. e4 dxe4 35. fxe4 Ne7 36. Bxh6 d5 37. Bg5 Qd7 38. e5 Nf5 39. Bf6 Qc6 40. Qd2 Kh7 41. g4 Nh6 42. h3 b5 43. axb5 Qxb5 44. Qc2 Qb4 45. Qd1 Qc3 46. Kh2 Qe3 47. Bh4 a5 48. Bg3 Qc3 49. Kg2 Qe3 50. Bf2 Qc3 51. Qf3 Qc2 52. Qxd5 Qe2 53. Qf3 Qd2 54. d5 Kg7 55. d6 Ng8 56. Qe3 Qd5+ 57. Qf3 Qxe5 58. Qd3 Nf6 59. d7 Nxd7 60. Qxd7 Qe4+ 61. Kh2 Qf4+ 62. Kg1 Qc1+ 63. Kg2 Qc2 64. Qd4+ Kh7 65. Qc4 Qd2 66. Qxf7+ Kh6 67. Qc4 Qb2 68. Qf4+ Kg7 69. Qd4+ 1-0

[Event "EU-ch Blitz"]
[Site "Katowice"]
[Date "2021.12.17"]
[Round "22"]
[White "Skawinski, Arkadiusz"]
[Black "Balacek, Tadeas"]
[Result "1/2-1/2"]
[WhiteElo "2366"]
[BlackElo "2367"]
[PlyCount "137"]
[EventDate "2021.12.17"]
[EventType "swiss (blitz)"]
[EventRounds "22"]
[EventCountry "POL"]
[SourceTitle "CBM 205 Extra"]
[Source "ChessBase"]
[SourceDate "2022.01.31"]
[SourceVersion "1"]
[SourceVersionDate "2022.01.31"]
[SourceQuality "1"]

1. e4 e6 2. d4 d5 3. e5 c5 4. c3 Nc6 5. Nf3 Bd7 6. a3 f6 7. Bd3 Qc7 8. 0-0 fxe5 9. Nxe5 Nxe5 10. dxe5 0-0-0 11. Qe2 c4 12. Bc2 Bc5 13. Nd2 Ne7 14. b3 cxb3 15. Nxb3 Bb6 16. a4 a6 17. Ba3 Ng6 18. Bd6 Qc4 19. Qxc4+ dxc4 20. Nd2 Bc7 21. Nxc4 Nf4 22. Rfe1 Bc6 23. f3 g5 24. Be4 Bd5 25. Bxd5 Nxd5 26. Rac1 Rhg8 27. Re4 h5 28. Bxc7 Kxc7 29. Nd6 Rb8 30. Rc4+ Kd7 31. Rd4 Ke7 32. c4 Nb4 33. Rb1 a5 34. Rbd1 Nc6 35. Re4 b6 36. Re2 g4 37. f4 g3 38. Red2 gxh2+ 39. Kxh2 Rbd8 40. Ne4 Rxd2 41. Rxd2 Nb4 42. Nf6 Rd8 43. Rxd8 Kxd8 44. Nxh5 Na6 45. Nf6 Nc5 46. g4 Ke7 47. g5 Kf7 48. Kg3 Nxa4 49. Ne4 Nc5 50. Nd6+ Kg6 51. Nb5 a4 52. Kg4 Ne4 53. Kf3 Nd2+ 54. Ke3 Nxc4+ 55. Kd4 a3 56. Nc3 Nd2 57. Kd3 Nb3 58. Kc4 Nd2+ 59. Kb5 Ne4 60. Na2 Kf5 61. Kxb6 Ng3 62. Kb5 Nh5 63. Kb4 Nxf4 64. Kxa3 Kxe5 65. Kb3 Kf5 66. Nb4 Kxg5 67. Kc4 Kf5 68. Nc6 e5 69. Nxe5 1/2-1/2

[Event "Titled Tuesday intern op 22nd June"]
[Site "Chess.com INT"]
[Date "2021.06.22"]
[Round "7"]
[White "Balacek, Tadeas"]
[Black "Allahverdiyeva, Ayan"]
[Result "0-1"]
[WhiteElo "2356"]
[BlackElo "2088"]
[PlyCount "64"]
[EventDate "2021.06.22"]
[EventType "swiss (blitz)"]
[EventRounds "11"]
[EventCountry "USA"]
[SourceTitle "CBM 203 Extra"]
[Source "ChessBase"]
[SourceDate "2021.09.30"]
[SourceVersion "1"]
[SourceVersionDate "2021.09.30"]
[SourceQuality "1"]

1. d4 Nf6 2. Nf3 g6 3. Nbd2 Bg7 4. e4 d6 5. Bb5+ c6 6. Bd3 0-0 7. 0-0 Nbd7 8. a4 e5 9. dxe5 dxe5 10. Nc4 Qc7 11. b3 Re8 12. Ba3 Bf8 13. b4 b5 14. Na5 c5 15. axb5 cxb4 16. Bb2 Nc5 17. Nc6 Nfxe4 18. Bxe4 Nxe4 19. Qd5 Nc3 20. Bxc3 bxc3 21. Ne7+ Qxe7 22. Qxa8 e4 23. Nd4 Qe5 24. Nc6 Qg5 25. Qb8 e3 26. Qg3 exf2+ 27. Kh1 Qxg3 28. hxg3 Bc5 29. Nxa7 Bg4 30. Nc6 g5 31. Na5 Re6 32. Nb3 Rh6# 0-1

[Event "Titled Tuesday intern op 20th Apr"]
[Site "Chess.com INT"]
[Date "2021.04.20"]
[Round "1"]
[White "Balacek, Tadeas"]
[Black "Murzin, Volodar"]
[Result "1/2-1/2"]
[WhiteElo "2356"]
[BlackElo "2478"]
[PlyCount "139"]
[EventDate "2021.04.20"]
[EventType "swiss (blitz)"]
[EventRounds "11"]
[EventCountry "USA"]
[SourceTitle "CBM 202 Extra"]
[Source "ChessBase"]
[SourceDate "2021.07.31"]
[SourceVersion "1"]
[SourceVersionDate "2021.07.31"]
[SourceQuality "1"]

1. d4 d5 2. Nf3 Nf6 3. c4 c6 4. Nc3 e6 5. g3 Nbd7 6. Bg2 Bd6 7. 0-0 0-0 8. Nd2 Re8 9. e4 dxe4 10. Ndxe4 Bf8 11. Bf4 Nxe4 12. Nxe4 Nf6 13. Nc3 Bd6 14. Qd2 Bxf4 15. Qxf4 Qb6 16. Rab1 Qb4 17. Rfc1 Rd8 18. b3 Qd6 19. Qe3 Ng4 20. Qe2 Nf6 21. Rd1 Bd7 22. Rd2 Be8 23. Rbd1 Rd7 24. Na4 Rad8 25. Nc5 Re7 26. Qe5 b6 27. Ne4 Nxe4 28. Bxe4 Qxe5 29. dxe5 Rxd2 30. Rxd2 Rd7 31. Rd6 Rxd6 32. exd6 Bd7 33. b4 f5 34. Bf3 c5 35. b5 Kf7 36. Bc6 Ke8 37. f4 Kd8 38. Kf2 Be8 39. Ke3 Bf7 40. a3 Bh5 41. h3 Bd1 42. Kd3 Bb3 43. Kc3 Bd1 44. Kd2 Bh5 45. Ke3 Bf7 46. g4 g6 47. g5 Be8 48. h4 Bd7 49. Kd3 Bc8 50. Kc3 Bd7 51. a4 Be8 52. Kb3 Bf7 53. a5 Be8 54. Ka4 Bd7 55. axb6 axb6 56. Kb3 Kc8 57. Kc3 Kd8 58. Kd3 Be8 59. Ke3 Bd7 60. Kf3 Be8 61. Kg3 Bd7 62. h5 Be8 63. h6 Bd7 64. Kf3 Be8 65. Ke3 Bd7 66. Kd3 Ke8 67. Ke3 Kd8 68. Kd3 Ke8 69. Kc3 Kd8 70. Kd3 1/2-1/2

[Event "CZE-ch Betsys Online Blitz"]
[Site "Chess.com INT"]
[Date "2021.04.17"]
[Round "9"]
[White "Balacek, Tadeas"]
[Black "Gnojek, Petr"]
[Result "0-1"]
[WhiteElo "2356"]
[BlackElo "2267"]
[PlyCount "98"]
[EventDate "2021.04.17"]
[EventType "swiss (blitz)"]
[EventRounds "13"]
[EventCountry "CZE"]
[SourceTitle "CBM 201 Extra"]
[Source "ChessBase"]
[SourceDate "2021.05.31"]
[SourceVersion "1"]
[SourceVersionDate "2021.05.31"]
[SourceQuality "1"]

1. d4 Nf6 2. Nf3 d6 3. g3 g6 4. Bg2 Bg7 5. 0-0 0-0 6. b3 c5 7. Bb2 Ne4 8. e3 Nc6 9. Nbd2 d5 10. Qe2 Bg4 11. h3 Nxd2 12. Qxd2 Bxf3 13. Bxf3 cxd4 14. exd4 e6 15. Rad1 Rc8 16. Kg2 Qb6 17. a3 Na5 18. Qe2 Rc7 19. Rd2 Rfc8 20. h4 Rc6 21. h5 Qc7 22. hxg6 hxg6 23. Qd3 Rxc2 24. Rfd1 Rxd2 25. Rxd2 Qb6 26. b4 Nc4 27. Rc2 Rc6 28. Bc3 Nxa3 29. Ra2 Nb5 30. Be1 Nxd4 31. b5 Qxb5 32. Qxb5 Nxb5 33. Be2 a6 34. Ra5 Nd4 35. Bd3 Rc1 36. Bd2 Rd1 37. Ra2 Nb3 38. Bc2 Rxd2 39. Bxb3 Rxa2 40. Bxa2 Kf8 41. Kf3 Ke7 42. Ke2 Kd6 43. Kd3 Kc5 44. Bb3 b5 45. f4 a5 46. g4 a4 47. Bc2 Kb4 48. Kd2 a3 49. Kc1 a2 0-1

[Event "CZE-ch Betsys Online Blitz"]
[Site "Chess.com INT"]
[Date "2021.04.17"]
[Round "8"]
[White "Balacek, Tadeas"]
[Black "Sramek, Vojtech"]
[Result "1-0"]
[WhiteElo "2356"]
[BlackElo "2194"]
[PlyCount "69"]
[EventDate "2021.04.17"]
[EventType "swiss (blitz)"]
[EventRounds "13"]
[EventCountry "CZE"]
[SourceTitle "CBM 201 Extra"]
[Source "ChessBase"]
[SourceDate "2021.05.31"]
[SourceVersion "1"]
[SourceVersionDate "2021.05.31"]
[SourceQuality "1"]

1. d4 Nf6 2. Nf3 b6 3. c4 Bb7 4. Nc3 Ne4 5. Qc2 Nxc3 6. Qxc3 e6 7. e3 a5 8. a3 Bb4 9. axb4 axb4 10. Rxa8 bxc3 11. Ra2 cxb2 12. Rxb2 0-0 13. Bd3 Bxf3 14. gxf3 Nc6 15. Bd2 Qe7 16. Ke2 d5 17. Rc1 dxc4 18. Rxc4 Na5 19. Rc1 Rd8 20. Bb4 Qd7 21. Rbc2 Nb3 22. Rb1 Nxd4+ 23. exd4 Qxd4 24. Rb3 Qe5+ 25. Kf1 c5 26. Bd2 Qxh2 27. Be3 Qd6 28. Ke2 f6 29. Rd2 Qe7 30. Rxb6 Kf7 31. Rc2 Qd7 32. Rd2 Qe7 33. Ke1 Qc7 34. Rdb2 Kg8 35. Bc4 1-0

[Event "Titled Tuesday intern op 03rd Nov"]
[Site "Chess.com INT"]
[Date "2020.11.03"]
[Round "1"]
[White "Gedgafov, Chamal"]
[Black "Balacek, Tadeas"]
[Result "1/2-1/2"]
[WhiteElo "2154"]
[BlackElo "2355"]
[PlyCount "105"]
[EventDate "2020.11.03"]
[EventType "swiss (blitz)"]
[EventRounds "11"]
[EventCountry "USA"]
[SourceTitle "CBM 199 Extra"]
[Source "ChessBase"]
[SourceDate "2021.01.31"]
[SourceVersion "1"]
[SourceVersionDate "2021.01.31"]
[SourceQuality "1"]

1. d4 Nf6 2. c4 c5 3. d5 b5 4. cxb5 a6 5. b6 e6 6. Nc3 Nxd5 7. Nxd5 exd5 8. Qxd5 Nc6 9. Nf3 Rb8 10. e4 Be7 11. Bc4 0-0 12. 0-0 Rxb6 13. b3 d6 14. Qd2 Be6 15. Bxe6 fxe6 16. Bb2 d5 17. exd5 exd5 18. Rfe1 d4 19. Rac1 Qd5 20. Qe2 Bf6 21. Ba3 Nb4 22. Bxb4 cxb4 23. Ne5 Re6 24. f4 Rfe8 25. Qc4 Qxc4 26. Rxc4 Bxe5 27. fxe5 Rxe5 28. Rxe5 Rxe5 29. Rxd4 a5 30. Kf2 Kf7 31. Rd6 Rc5 32. Rd2 Rc3 33. Ke2 h5 34. Rd3 Rc2+ 35. Rd2 Rc3 36. Rd3 Rc5 37. Rd6 Ke7 38. Rg6 Rc2+ 39. Kd3 Rxa2 40. Rxg7+ Kf6 41. Rg8 Ra3 42. Kc4 a4 43. bxa4 Rxa4 44. h3 Kf5 45. Kb3 Ra3+ 46. Kxb4 Re3 47. g4+ hxg4 48. hxg4+ Kf6 49. Kc4 Kf7 50. Rg5 Kf6 51. Rg8 Kf7 52. Rg5 Kf6 53. Rg8 1/2-1/2

[Event "Kouty nad Desnou Losin Kapor op"]
[Site "Kouty nad Desnou"]
[Date "2019.12.14"]
[Round "7"]
[White "Balacek, Tadeas"]
[Black "Lys, Josef"]
[Result "1/2-1/2"]
[WhiteElo "2331"]
[BlackElo "2156"]
[PlyCount "125"]
[EventDate "2019.12.14"]
[EventType "swiss (rapid)"]
[EventRounds "9"]
[EventCountry "CZE"]
[SourceTitle "CBM 193 Extra"]
[Source "ChessBase"]
[SourceDate "2020.01.31"]
[SourceVersion "1"]
[SourceVersionDate "2020.01.31"]
[SourceQuality "1"]

1. d4 Nf6 2. Nf3 g6 3. c4 Bg7 4. Nc3 d5 5. e3 0-0 6. cxd5 Nxd5 7. Bc4 c6 8. 0-0 Bg4 9. h3 Bxf3 10. Qxf3 e6 11. Rd1 Nd7 12. e4 Nxc3 13. bxc3 Qa5 14. e5 Rac8 15. Rb1 b5 16. Bb3 Nb6 17. Bg5 Nd5 18. Rbc1 Qb6 19. c4 bxc4 20. Bxc4 Rb8 21. Bb3 h6 22. Bh4 Rfc8 23. Rc4 Qa6 24. Rdc1 Rb4 25. Rxb4 Nxb4 26. Be7 Nd5 27. Bc5 Bf8 28. Bxf8 Rxf8 29. Qd1 Rc8 30. Qd2 Qb7 31. Qxh6 Qb4 32. Bxd5 exd5 33. Qe3 Kg7 34. g3 a5 35. Qc3 Kf8 36. Qxb4+ axb4 37. Rb1 Rb8 38. Rb3 Rb5 39. Kf1 Ke7 40. Ke2 Ke6 41. Kd3 c5 42. dxc5 Kxe5 43. a3 Rxc5 44. axb4 Rb5 45. f4+ Kd6 46. Kd4 f5 47. h4 Ke6 48. Kc3 Kd6 49. Ra3 Rb6 50. Ra7 Rc6+ 51. Kd3 Rb6 52. Rg7 Rxb4 53. Rxg6+ Kc5 54. h5 Rb2 55. h6 Rh2 56. Rg5 Rh3 57. h7 Rxh7 58. Rxf5 Ra7 59. g4 Ra3+ 60. Kc2 Kc4 61. g5 Ra2+ 62. Kb1 Rg2 63. Rf8 1/2-1/2

[Event "EU-Cup 35th"]
[Site "Ulcinj"]
[Date "2019.11.15"]
[Round "6.2"]
[White "Balacek, Tadeas"]
[Black "Kovalev, Vladislav"]
[Result "0-1"]
[WhiteElo "2337"]
[BlackElo "2674"]
[PlyCount "94"]
[EventDate "2019.11.10"]
[EventType "team-swiss"]
[EventRounds "7"]
[EventCountry "MNE"]
[SourceTitle "CBM 193 Extra"]
[Source "ChessBase"]
[SourceDate "2020.01.31"]
[SourceVersion "1"]
[SourceVersionDate "2020.01.31"]
[SourceQuality "1"]
[WhiteTeam "Lysa nad Labem Joly"]
[BlackTeam "Alkaloid"]
[WhiteTeamCountry "CZE"]
[BlackTeamCountry "MKD"]

1. d4 Nf6 2. Nf3 g6 3. c4 Bg7 4. Nc3 0-0 5. e4 d6 6. Be2 e5 7. d5 a5 8. Bg5 h6 9. Be3 Ng4 10. Bd2 f5 11. h3 Nf6 12. exf5 gxf5 13. Qc1 f4 14. g3 e4 15. Nh4 e3 16. fxe3 fxg3 17. Ng6 g2 18. Rg1 Bxh3 19. Nxf8 Qxf8 20. Qc2 Nbd7 21. Qg6 Ng4 22. 0-0-0 Nde5 23. Qh5 Nf2 24. Be1 Nxd1 25. Qxh3 Nxc3 26. Bxc3 Nf7 27. Bxg7 Qxg7 28. Rxg2 Ng5 29. Qh4 Re8 30. Rh2 Rxe3 31. Qxh6 Qxh6 32. Rxh6 Kg7 33. Rh2 Kf6 34. Kd2 Rg3 35. Rf2+ Ke5 36. Bd3 Kd4 37. Rf4+ Kc5 38. Be2 a4 39. a3 Rg2 40. Ke1 Kb6 41. Kf1 Rg1+ 42. Kxg1 Nh3+ 43. Kg2 Nxf4+ 44. Kf3 Nxe2 45. Kxe2 Kc5 46. Kd3 b5 47. cxb5 Kxd5 0-1

[Event "EU-Cup 35th"]
[Site "Ulcinj"]
[Date "2019.11.10"]
[Round "1.11"]
[White "Balacek, Tadeas"]
[Black "Runarsson, Gunnar Freyr"]
[Result "1-0"]
[WhiteElo "2337"]
[BlackElo "1951"]
[PlyCount "45"]
[EventDate "2019.11.10"]
[EventType "team-swiss"]
[EventRounds "7"]
[EventCountry "MNE"]
[SourceTitle "CBM 193 Extra"]
[Source "ChessBase"]
[SourceDate "2020.01.31"]
[SourceVersion "1"]
[SourceVersionDate "2020.01.31"]
[SourceQuality "1"]
[WhiteTeam "Lysa nad Labem Joly"]
[BlackTeam "Viking CC"]
[WhiteTeamCountry "CZE"]
[BlackTeamCountry "ISL"]

1. d4 Nf6 2. c4 e6 3. g3 Bb4+ 4. Bd2 Qe7 5. Nf3 Nc6 6. Nc3 d5 7. Bg2 0-0 8. 0-0 dxc4 9. a3 Bxc3 10. Bxc3 Nd5 11. Qc2 Rb8 12. Bd2 Nb6 13. e4 Qf6 14. Bc3 e5 15. Nxe5 Nxe5 16. dxe5 Qg6 17. f4 Nd5 18. Bd4 Nb6 19. f5 Qh6 20. Qe2 g6 21. Be3 Qg7 22. f6 Qh8 23. Bh6 1-0